000 00300nam a22001337a 4500
003 OSt
008 241014b |||||||| |||| 00| 0 eng d
082 _a633.7106
_bC27A
100 _aC T R I Rajmundri
245 _aAnnual report-1980
260 _aC T R I
_c1980
300 _a146
942 _2ddc
_cPER
999 _c46393
_d46393